000 01005nam a2200301 i 4500
001 13564
003 KOSZ 005
005 20210129142055.0
008 070914s1971 pl a f 001 0 pol
015 _aPB 1971/4952
040 _aWA N
_cWA N
_dKOSZ 005/KK
080 _a556
100 1 _aLambor, Julian
_d(1901-1973)
_eAutor
245 1 0 _aHydrologia inżynierska /
_cJulian Lambor.
260 _aWarszawa :
_b"Arkady",
_c1971.
300 _a363, [1] strony :
_bilustracje, mapy ;
_c25 cm.
336 _aTekst
_btxt
_2rdacontent
337 _aBez urządzenia pośredniczącego
_bn
_2rdamedia
338 _aWolumin
_bnc
_2rdacarrier
380 _aKsiążki.
504 _aBibliografia na stronach 350-354. Indeks.
650 4 _aHydrologia
658 _aInżynieria i technika
655 4 _aPodręczniki
710 2 _aWydawnictwo "Arkady".
_4pbl.
856 _uhttp://koha.tu.koszalin.pl/cgi-bin/koha/opac-detail.pl?biblionumber=13564
_yKatalog online BPK
942 _2UKD
_cKS
999 _c13564
_d13564